Письма (три) министра иностранных дел графа Карла Васильевича Нессельроде к Иллариону Васильевичу Васильчикову по поводу записки...

Доступно только в Электронных читальных залах Найти на картеНа карте
RUSMARC
00003590nmc2a2200000 x 450
0014de8cca1-0ebe-4a7a-903f-f9e9050b44fc
00520151217175715.0
100##$a20150618l18391840k l0rusy0189 ca
1010#$afre
102##$aRU
2001#$aПисьма (три) министра иностранных дел графа Карла Васильевича Нессельроде к Иллариону Васильевичу Васильчикову по поводу записки графа Михаила Михайловича Сперанского "О монетном обращении" и о финансовом вопросе
$j[1839-1840] гг.
251##$cДело
300##$aНа французском языке
801#0$aRU
$bРГИА
$c20150618
$gRCR
801#1$aRU
$bГлавНИВЦ
$c20150618
$2rusmarc
801#2$aRU
$bПБ им. Б.Н. Ельцина
$c20151217
$gRCR
$2rusmarc
850##$aРГИА
852##$aРГИА
$eФедеральное казенное учреждение "Российский государственный исторический архив" (РГИА)
$j235
937##$hРГИА
$d12146550
$aASBIBLIO_SCAN
462#0$1001822e29f6-cf5c-4253-b938-c1de610979e5
$12001
$aАрхив князей Васильчиковых. 1706-1917 гг.
$1251
$cОпись
$1852
$j1
461#0$1001f72a1ecb-9a9a-44e3-87ff-4a647e6521fe
$12001
$aВасильчиковы, князья
$1251
$cФонд
$1852
$j651
215##$a6 л.
$d36,5х26 см
371##$aДокумент не является опубликованным и широко распространяемым
105##$ay###
1222#$ad
035##$a4de8cca1-0ebe-4a7a-903f-f9e9050b44fc
Формат отображения